History Quiz

Random History or Politics Quiz

Triumvirates of Rome Quiz Stats

 Plays Quiz Updated Jan 23, 2015

Score 0/6 Timer 01:30
12 Plays Today
Triumvirate Triumvir % Correct
IGaius Julius Caesar
94.9%
IIGaius Julius Caesar Octavianus
82%
IIMarcus Antonius
78.9%
IGnaeus Pompeius Magnus
67.5%
IMarcus Licinius Crassus
61.4%
IIMarcus Aemilius Lepidus
47.6%

You're not logged in!

Compare scores with friends on all Sporcle quizzes.
OR
Log In

Sporcle TV

Today on Sporcle TV


Watch our educational content, quiz creation guides, and fun videos on Sporcle TV.

Show Comments

Extras

Top Quizzes Today


Score Distribution

Your Account Isn't Verified!

In order to create a playlist on Sporcle, you need to verify the email address you used during registration. Go to your Sporcle Settings to finish the process.

Report this User

Report this user for behavior that violates our Community Guidelines.

Details: